| 000 | 00754nam a2200265Ia 4500 | ||
|---|---|---|---|
| 003 | OSt | ||
| 005 | 20220925175619.0 | ||
| 006 | a|||||r|||| 00| 0 | ||
| 007 | ta | ||
| 008 | 220923b |||||||| |||| 00| 0 eng d | ||
| 020 | _a0 521 25704 2 | ||
| 037 | _cGeneral Book | ||
| 040 |
_aRTL _cRTL _beng |
||
| 041 |
_2eng _aeng |
||
| 082 | _aY2, M6 | ||
| 100 |
_aSegalen Martine _9137218 |
||
| 245 | 0 | _aHistorical anthropology of the family. Tr. by J C | |
| 260 |
_aCambridge _bCambridge University Press _c1986 |
||
| 300 |
_ax,328p _ccm. |
||
| 490 | _aThemes in the Social Sciences | ||
| 500 | _aBibliography chapterwise | ||
| 650 | _aFamily Sociology | ||
| 942 |
_hY2, M6 _cGB _2CC |
||
| 999 |
_c494025 _d494025 |
||